Kabale University Library Catalogue

Modern physics / (Record no. 5849)

MARC details
000 -LEADER
fixed length control field 01062cam a2200253 a 4500
001 - CONTROL NUMBER
control field 16983092
003 - CONTROL NUMBER IDENTIFIER
control field OSt
005 - DATE AND TIME OF LATEST TRANSACTION
control field 20251208152035.0
008 - FIXED-LENGTH DATA ELEMENTS--GENERAL INFORMATION
fixed length control field 110929s2012 njua b 001 0 eng
020 ## - INTERNATIONAL STANDARD BOOK NUMBER
International Standard Book Number 9781119590583
040 ## - CATALOGING SOURCE
Original cataloging agency KABLIB
Transcribing agency KABLIB
Language of cataloging eng
Description conventions rda
082 00 - DEWEY DECIMAL CLASSIFICATION NUMBER
Classification number 530
Edition number 23
Item number KRA
100 1# - MAIN ENTRY--PERSONAL NAME
Personal name Krane, Kenneth S.
9 (RLIN) 14748
245 10 - TITLE STATEMENT
Title Modern physics /
Statement of responsibility, etc. Kenneth S. Krane.
250 ## - EDITION STATEMENT
Edition statement 4th ed.
260 ## - PUBLICATION, DISTRIBUTION, ETC.
Place of publication, distribution, etc. Hoboken, NJ :
Name of publisher, distributor, etc. Wiley,
Date of publication, distribution, etc. 2020.
300 ## - PHYSICAL DESCRIPTION
Extent xiii, 575 [1] p. :
Other physical details ill. ;
Dimensions 27 cm.
336 ## - CONTENT TYPE
Content type term text
Content type code txt
Source rdacontent
504 ## - BIBLIOGRAPHY, ETC. NOTE
Bibliography, etc. note Includes bibliographical references and index.
520 ## - SUMMARY, ETC.
Summary, etc. "This is a much awaited revision of a modern classic that covers all the major topics in modern physics, including relativity, quantum physics, and their applications. Krane provides a balanced presentation of both the historical development of all major modern physics concepts and the experimental evidence supporting the theory"--
Assigning source Provided by publisher.
650 #0 - SUBJECT ADDED ENTRY--TOPICAL TERM
Topical term or geographic name entry element Physics.
650 #7 - SUBJECT ADDED ENTRY--TOPICAL TERM
Topical term or geographic name entry element SCIENCE / Physics.
Source of heading or term bisacsh
9 (RLIN) 14749
942 ## - ADDED ENTRY ELEMENTS (KOHA)
Source of classification or shelving scheme Dewey Decimal Classification
Koha item type Book
Holdings
Withdrawn status Lost status Source of classification or shelving scheme Damaged status Not for loan Home library Current library Shelving location Date acquired Source of acquisition Total Checkouts Full call number Barcode Date last seen Price effective from Koha item type
    Dewey Decimal Classification     Education Library Education Library Open Access Section 08.12.2025 Purchased   530 KRA 14122 08.12.2025 08.12.2025 Book
    Dewey Decimal Classification     Education Library Education Library Open Access Section 08.12.2025 Purchased   530 KRA 14123 08.12.2025 08.12.2025 Book
    Dewey Decimal Classification     Education Library Education Library Open Access Section 02.03.2026 Purchased   530 KRA 14686 02.03.2026 02.03.2026 Book
    Dewey Decimal Classification     Education Library Education Library Open Access Section 02.03.2026 Purchased   530 KRA 14687 02.03.2026 02.03.2026 Book
    Dewey Decimal Classification     Education Library Education Library Reserve Section 02.03.2026 Purchased   530 KRA 14688 02.03.2026 02.03.2026 Book

Kabale University Library | Kabale University P.O Box 317, Kabale, Uganda
Tel : +256754017033, +256774661503 E-mail : library@kab.ac.ug